Statistics for Austin Powers Characters

Click here to take the quiz!

General Stats

  • This quiz has been taken 92 times
  • The average score is 9 of 14

Answer Stats

Actor/ActressCharacter% Correct
Mike MyersAustin Powers
99%
Mike MyersDr. Evil
97%
Verne TroyerMini-Me
88%
Mike MyersFat Bastard
87%
Mike MyersGoldmember
78%
Seth GreenScott Evil
74%
Robert Wagner / Rob LoweNumber 2
73%
BeyoncéFoxxy Cleopatra
58%
Elizabeth HurleyVanessa Kensington
55%
Heather GrahamFelicity Shagwell
54%
Mindy SterlingFrau Farbissina
54%
Michael YorkBasil Exposition
45%
Michael CaineNigel Powers
44%
Will FerrellMustafa
38%

Score Distribution

Percentile by Number Answered

Percent of People with Each Score

Your Score History

You have not taken this quiz